| 000 | 01255nam a2200301 i 4500 | ||
|---|---|---|---|
| 001 | 181635 | ||
| 003 | ES-MaACL | ||
| 005 | 20251129063055.0 | ||
| 008 | 130226s1956 sp |||| | spa d | ||
| 080 | _a821.134.2-322.7"15" | ||
| 100 | 1 |
_aSegura, Juan de, _dfl. 1553 _9152387 |
|
| 245 | 1 | 0 |
_aProcesso de cartas de amores ; _by Quexa y aviso contra amor / _cpor Juan de Segura . Cartas en refranes / de Blasco de Garay . Diálogos de mujeres / por Cristóbal de Castillejo. |
| 246 | 3 | _aQuexa y aviso contra amor | |
| 260 |
_aMadrid : _bSociedad de Bibliófilos Españoles, _c1956 ( _eValencia : _fTip. Moderna) |
||
| 300 |
_aLII, 272 p. ; _c25 cm. |
||
| 490 | 1 |
_aSociedad de Bibliófilos Españoles. Segunda época ; _v31 |
|
| 595 | _aTodo según la edición de Venecia, 1553 | ||
| 700 | 1 |
_aGaray, Blasco de. _9152388 |
|
| 700 | 1 |
_aCastillejo, Cristobal, _d1494-1550 _936660 |
|
| 710 | 2 |
_aSociedad de Bibliófilos Españoles. _96661 |
|
| 740 | 0 | 2 | _aProceso de cartas de amores. |
| 740 | 0 | 2 | _aQueja y aviso contra amor. |
| 740 | 0 | 2 | _aCartas en refranes. |
| 740 | 0 | 2 | _aDiálogos de mujeres. |
| 830 | 1 | 0 |
_aSociedad de Bibliófilos Españoles. Segunda época _v31 _9191496 |
| 852 | 4 |
_aES-MaACL _jJ-7(II-31) |
|
| 999 |
_c181635 _d181635 |
||